| 000 | 00534nam a22001697a 4500 | ||
|---|---|---|---|
| 999 |
_c9005 _d9005 |
||
| 008 | 210319b ||||| |||| 00| 0 eng d | ||
| 040 | _aBMS College of Architecture | ||
| 100 | _aV, Pranathi | ||
| 245 | _aYogic school - A school for alternative education | ||
| 300 | _a28p. | ||
| 500 | _a1BM09AT037 | ||
| 502 |
_8B,Arch _NBMS College of Architecture, Visvesvaraya Technological University _aProject report _d2013 |
||
| 650 | _aEducation | ||
| 700 |
_aAjaichandran C K _eGuide |
||
| 700 |
_aBhagyalaxmi M _eGuide |
||
| 942 |
_2ddc _cTHE |
||